Technické múzeum

Saved in:
Bibliographic Details
Main Author: Bognárová, Veronika (Author)
Other Authors: Hraška, Jozef (Thesis advisor)
Format: Manuscript Book
Language:Slovak
Published: 2019
Subjects:
Online Access:http://is.stuba.sk/zp/portal_zp.pl?podrobnosti=144764
https://opac.crzp.sk/?fn=detailBiblioForm&sid=9F8942B94996237AA2FD1CF666DC
Tags: Add Tag
No Tags, Be the first to tag this record!

MARC

LEADER 00000ntm a22000003a 4500
001 stuzp72955
003 SK-STU
005 20230526113926.5
007 ta
008 150427s2015----xo-----f-mn---000-0-slo-d
040 |a STU  |b slo 
041 0 |a slo 
100 1 |a Bognárová, Veronika  |u 010180  |k Z4  |4 aut  |U SvF Stavebná fakulta  |T SvF Katedra konštrukcií pozemných stavieb  |X 62937  |U V180  |Y 18  |7 62937 
242 0 1 |a Museum of Technology  |y eng 
245 1 0 |a Technické múzeum 
260 |c 2019 
650 4 |a Technické múzeum  |2 slo 
650 4 |a Diplomová práca  |2 slo 
650 4 |a Projekt na realizáciu stavby  |2 slo 
650 4 |a Museum of Technology  |2 eng 
650 4 |a Master´s thesis  |2 eng 
650 4 |a Project for implementation  |2 eng 
700 1 |a Hraška, Jozef  |u 010180  |k Z1  |4 ths  |U SvF Stavebná fakulta  |T SvF Katedra konštrukcií pozemných stavieb  |X 899  |U V180  |Y 18  |7 A000000899 
856 4 |u http://is.stuba.sk/zp/portal_zp.pl?podrobnosti=144764 
856 4 |u https://opac.crzp.sk/?fn=detailBiblioForm&sid=9F8942B94996237AA2FD1CF666DC